Central Library OPAC University of Rajshahi

Quantitative techniques for the analysis of sediments : (Record no. 11104)

MARC details
000 -LEADER
fixed length control field 01493cam a2200325 i 4500
001 - CONTROL NUMBER
control field 11104
003 - CONTROL NUMBER IDENTIFIER
rucl marc code BD-RjUL
005 - DATE AND TIME OF LATEST TRANSACTION
control field 20211208235054.0
008 - FIXED-LENGTH DATA ELEMENTS--GENERAL INFORMATION
fixed length control field 140126s1976 enka b 101 0 eng
020 ## - INTERNATIONAL STANDARD BOOK NUMBER
International Standard Book Number 0080206131
035 ## - SYSTEM CONTROL NUMBER
System control number (BD-RjUL)11153
040 ## - CATALOGING SOURCE
Original cataloging agency DLC
Transcribing agency DLC
Modifying agency DLC
-- BD-RjUL
Language of cataloging eng
041 ## - LANGUAGE CODE
Language code of text/sound track or separate title eng
082 00 - DEWEY DECIMAL CLASSIFICATION NUMBER
Classification number 551.46083
Author mark and year QUA 1976
245 00 - TITLE STATEMENT
Title Quantitative techniques for the analysis of sediments :
Remainder of title an international symposium : proceedings of an international symposium held at the IX International Sedimentological Congress in Nice, France, on 8 July 1975 ... /
Statement of responsibility, etc. the meeting was cosponsored by the International Association for Mathematical Geology ; edited by Daniel F. Merriam.
250 ## - EDITION STATEMENT
Edition statement 1st ed.
260 ## - PUBLICATION, DISTRIBUTION, ETC. (IMPRINT)
Place of publication, distribution, etc. Oxford ;
-- New York :
Name of publisher, distributor, etc. Pergamon Press,
Date of publication, distribution, etc. 1976.
300 ## - PHYSICAL DESCRIPTION
Pagination xii, 174 p. :
Illustrations ill. ;
Size 26 cm.
490 0# - SERIES STATEMENT
Series statement Computers & geology
500 ## - GENERAL NOTE
General note Proceedings of the 2d of a series of meetings; proceedings of the 1st are entered under Mathematical models of sedimentary processes.
504 ## - BIBLIOGRAPHY, ETC. NOTE
Bibliography, etc Includes bibliographies and index.
650 #0 - SUBJECT ADDED ENTRY--TOPICAL TERM
Topical term or geographic name as entry element Marine sediments
General subdivision Statistical methods
-- Congresses.
9 (RLIN) 34335
Topical term or geographic name as entry element Marine sediments
General subdivision Mathematical models
-- Congresses.
9 (RLIN) 34336
700 1# - ADDED ENTRY--PERSONAL NAME
Personal name Merriam, Daniel Francis.
710 2# - ADDED ENTRY--CORPORATE NAME
Corporate name or jurisdiction name as entry element International Association for Mathematical Geology.
9 (RLIN) 34338
711 2# - ADDED ENTRY--MEETING NAME
Meeting name or jurisdiction name as entry element International Sedimentological Congress,
Number (BK CF MP MU SE VM MX) [OBSOLETE] 9th,
Location of meeting Nice,
Date of meeting 1975.
9 (RLIN) 34339
942 ## - ADDED ENTRY ELEMENTS (KOHA)
Source of classification or shelving scheme Dewey Decimal Classification
Koha item type Books
Holdings
Lost status Source of classification or shelving scheme Damaged status Not for loan Collection code Permanent Location Current Location Shelving location Date acquired Source of acquisition Cost, normal purchase price Total Checkouts Full call number Date last seen Copy number Koha item type
  Dewey Decimal Classification     Non-fiction Central Library, University of Rajshahi Central Library, University of Rajshahi   09/08/1984 A. B. A. through-tulip 34.00   551.46083 QUA 1976 26/01/2014 C-3 Books
  Dewey Decimal Classification     Reference Central Library, University of Rajshahi Central Library, University of Rajshahi   12/04/1982 Heffers. 12.00   551.46083 QUA 1976 26/01/2014 C-2 Books
  Dewey Decimal Classification   Not For Loan Non-fiction Central Library, University of Rajshahi Central Library, University of Rajshahi Reading Room 12/04/1982 Heffers. 12.00   551.46083 QUA 1976 17/05/2017 C-1 Books